000 00882 a2200229 4500
001 27545
005 20260407155550.0
008 260407a2007 arg spa d
003 AR-UNSa-BCEJYS
040 _aAR-UNSa-BCEJYS
_bspa
_cAR-UNSa-BCEJYS
080 _a34
_xDerecho
245 1 0 _aDerecho, desarrollo y sistema multilateral del comercio
020 _a978-85-87995-93-3
264 1 _aFlorianópolis :
_bBoiteux
_c2007
300 _a477 p.
_c23 cm.
505 _a1. Comercio internacional - 2. Propiedad intelectual - 3. Derechos humanos - 4. Integración regional - 5. Solución de disputas
942 _cBK
590 _aniveau_biblio:m niveau_hierar:0
100 1 _aBarral, Welber
700 1 _aCorrea, Carlos
856 4 1 _uhttps://biblioeco.unsa.edu.ar/pmb/images/libros/Derecho, Desarrollo y Sistema Multilateral del Comercio-l117935.jpg
_yImagen de portada
_qimage/jpeg
999 _c1607
_d1607